UGC Funded Universities in Hong Kong - Statistics

General Stats
  • This quiz has been taken 83 times
  • The average score is 6 of 8
Answer Stats
Answer % Correct
University of Hong Kong
100%
Chinese University of Hong Kong
96%
City University of Hong Kong
91%
Hong Kong University of Science and Technology
86%
Hong Kong Polytechnic University
84%
Hong Kong Baptist University
64%
Lingnan University
58%
Education University of Hong Kong
36%
No matching quizzes found
Score Distribution
Percent of People with Each Score
Percentile by Number Answered
Your Score History
You have not taken this quiz